Les 12 plus grandes usines de production alimentaire au Monde - Statistiques

Statistiques générales
  • Ce quiz a été pris 28 fois
  • Le résultat moyen est 2 sur 12
Statistiques - réponses
Indice Réponse % Correct
1. Le géant suisse est partout, des tablettes de chocolat aux produits pour bébés ! Nestlé
96%
8. C'est un incontournable dans le secteur des produits laitiers et de la nutrition. Danone
36%
5. Il régale dans les produits d'alimentation et d’hygiène. Unilever
18%
12. Le plus grand brasseur du monde, avec des bières mondialement connues. AB InBev
4%
2. Il transforme des tonnes de produits alimentaires et agricoles chaque année. Cargill
4%
6. Ce titan agricole produit pour l'alimentation mondiale. ArcelorMittal
0%
9. Il est un mastodonte du petit-déjeuner et des douceurs. General Mills
0%
10. Un leader américain des viandes en conserve et transformées. Hormel Foods
0%
7. Le géant brésilien des protéines. JBS Foods
0%
11. Qui n’aime pas un bon chocolat M_ _ _ ? Mars Inc.
0%
4. Des snacks aux sodas, il couvre tout ! PepsiCo
0%
3. Le titan américain des protéines animales. Tyson Foods
0%
Aucun quiz correspondant
Distribution des résultats
% des personnes avec chaque résultat
Percentile par nombre de réponses
Votre historique - résultats
Vous n’avez pas pris ce quiz